Rzeka "Wisła" przetłumacz na języki europejskie - Statystyki

Ogólne statystyki
  • Ten quiz został rozwiązany 107 razy
  • Średni wynik to 11 z 20
Statystyki odpowiedzi
Język Odpowiedź % Poprawnych
niderlandzki Wisła
89%
duński Wisła
89%
estoński Wisła
89%
angielski Vistula
70%
hiszpański Vístula
70%
portugalski Vístula
70%
rumuński Vistula
70%
chorwacki Visla
59%
szwedzki Visla
59%
czeski Visla
59%
łotewski Visla
59%
bośniacki Visla
59%
islandzki Visla
59%
słowacki Visla
59%
sloweński Visla
59%
francuski Vistule
13%
niemiecki Weichsel
13%
włoski Vistola
7%
litewski Vysla
7%
fiński Veiksel
4%
Nie znaleziono quizów pasujących do podanych kryteriów
Rozkład punktacji
Procent ludzi z każdym wynikiem
Percentyl według liczby udzielonych odpowiedzi
Twoja historia wyników
Nie rozwiązałeś tego quizu